Torch bearers of vedic traditions: Brahmin Sasan villages in Orissa (Record no. 2585)

MARC details
000 -LEADER
fixed length control field 00554nam a2200193Ia 4500
020 ## - INTERNATIONAL STANDARD BOOK NUMBER
ISBN 81-7054-346-0
082 ## - DEWEY DECIMAL CLASSIFICATION NUMBER
Classification number 306.6095413 PAT-T
100 ## - MAIN ENTRY--AUTHOR NAME
Personal name Patnaik, Nityanand;
245 #0 - TITLE STATEMENT
Title Torch bearers of vedic traditions: Brahmin Sasan villages in Orissa
260 ## - PUBLICATION, DISTRIBUTION, ETC. (IMPRINT)
Place of publication New Delhi
Name of publisher Classical Publishing
Year of publication 2002
300 ## - PHYSICAL DESCRIPTION
Number of Pages 227p.
650 ## - SUBJECT ADDED ENTRY--TOPICAL TERM
Topical Term Brahmans - Orissa
650 ## - SUBJECT ADDED ENTRY--TOPICAL TERM
Topical Term Malatipatpur Karabada village
650 ## - SUBJECT ADDED ENTRY--TOPICAL TERM
Topical Term Villages - Orissa
650 ## - SUBJECT ADDED ENTRY--TOPICAL TERM
Topical Term Sasan village
650 ## - SUBJECT ADDED ENTRY--TOPICAL TERM
Topical Term Biranarasinghpur sasan village
650 ## - SUBJECT ADDED ENTRY--TOPICAL TERM
Topical Term Caste - Orissa
942 ## - ADDED ENTRY ELEMENTS (KOHA)
Koha item type Books
Holdings
Withdrawn status Lost status Damaged status Not for loan Home library Current library Date acquired Bill Date Full call number Accession Number Price effective from Koha item type
        NASSDOC Library NASSDOC Library 08/06/2004 2004-10-05 306.6095413 PAT-T 38148 18/04/2019 Books
        NASSDOC Library NASSDOC Library 08/06/2004 2004-10-05 306.6095413 PAT-T 38149 18/04/2019 Books